Statistics for F1 Season: 1965 Race Winners

Click here to take the quiz!

General Stats

  • This quiz has been taken 80 times
  • The average score is 9 of 10

Answer Stats

Grand PrixDriver% Correct
United StatesGraham Hill
94%
MonacoGraham Hill
94%
South AfricanJim Clark
94%
BelgianJim Clark
94%
FrenchJim Clark
94%
BritishJim Clark
94%
DutchJim Clark
94%
GermanJim Clark
94%
ItalianJackie Stewart
70%
MexicanRichie Ginther
39%

Score Distribution

Percentile by Number Answered

Percent of People with Each Score

Your Score History

You have not taken this quiz